Green Day - Jesus of Suburbia lyrics - Statistics

General Stats
  • This quiz has been taken 1,296 times
  • The average score is 56 of 104
Answer Stats
Hint Answer % Correct
The Jesus of ________ Suburbia
99%
I'm the son of ____ ___ ____ rage and love
94%
That don't believe __ __ in me
87%
As far as _ ___ ____ I can tell
85%
In a land of ____ ______ | Land of ____ ______ | Land of ____ _______ make believe
85%
This is how I'm ______ __ __ | This is how I'm ________ __ __ supposed to be
85%
On a steady ____ of diet
84%
And there's nothing _____ ____ __ wrong with me
84%
From the Bible of ____ __ ___ _____ none of the above
83%
To keep me _____ insane
79%
No one really seems to ____ care
78%
No one ever died for my ___ __ ____ sins in Hell
78%
Get my __________ ___ television fix
78%
Sitting on my ________ crucifix
77%
To alcohol and __________ cigarettes
76%
Doing someone else's ______ cocaine
76%
Soda pop and _______ Ritalin
76%
And ____ ____ Mary Jane
74%
City of the ____ dead
73%
'Cause everyone's _____ heart
73%
Signs misleading to _______ nowhere
73%
In the ______ ___ parking lot
73%
Doesn't beat ___ ____ the same
73%
Of the _-__ where I was taught 7-11
71%
It's beating ___ __ ____ out of time
71%
I ____ ____ if you ____ ____ | I ____ ____ if you don't don't care
69%
The center of the _____ Earth
69%
To fall in ____ and fall in ____ love debt
69%
But what a _____ shame
68%
At the center of ___ _____ the Earth
68%
I don't care if ___ ____ you don't
67%
City of the ______ damned
66%
At the end of another ____ _______ lost highway
66%
Is the end of the _____ world
65%
At least the ones _ ___ ____ ____ I got away with
64%
The motto was ____ _ ___ just a lie
64%
And _ ____ ____ | _ ____ ____ I don't care!
63%
In the ________ _____ bathroom stall
62%
I read the _______ graffiti
62%
It didn't say ____ much
62%
And I could really ____ ____ care less
61%
Everyone is so ____ __ ____ full of shit
61%
Lost children with _____ _____ today dirty faces
59%
In the living room or my ______ ____ private womb
59%
And so it seemed to _______ confess
58%
But it only ________ that confirmed
57%
Like the ____ scriptures of a ________ mall holy shopping
57%
While the ____ ___ ____ are away Mom's and Brad's
56%
Born and raised by _________ hypocrites
55%
From the cradle to the _____ grave
52%
It says ____ __ _____ ____ _____ __ home is where your heart is
52%
We are the kids of ___ ___ _____ war and peace
52%
Dearly ______, are you listening? beloved
50%
And it don't ______ | To find what you______ believe
48%
The ______ __ _______ Jesus of Suburbia
48%
Hearts _______ but never saved recycled
43%
From _______ to the Middle East Anaheim
42%
And it don't ______ __ __ believe in me
38%
I can't _________ a word that you were ______ remember saying
38%
The space that's in between ______ and _______ insane insecure
35%
Are we ______ or am I _______? demented disturbed
34%
Am I _______ or am I just _________? retarded overjoyed
31%
Oh, _______, can you please fill the ____? therapy void
30%
For lack of a better ____, and that's my best _____ word excuse
28%
Nobody's ______ and I stand ________ perfect accused
27%
I don't care! (how many times?) 4
24%
We are the ______ and _______ of stories disciples
24%
So I ___, I ___ away | To ___, to ___ away run
23%
Is to ___ in ______ die tragedy
19%
To ____ and not to _____ live breathe
18%
This _______ of _______ lies | This ________ of ______ lies hurricane fucking
17%
And I _____ ______ leave behind
17%
This ____ that don't _____ town exist
14%
I lost my _____ to this faith
12%
You're ________... leaving
11%
Tales from another _____... ____ broken home
10%
When there ____ _______ you can go ain't nowhere
9%
Ah you're ________ ____... leaving home
9%
A _______ and one ______ times million fucking
9%
Running away from ____ when you've been ________ pain victimized
9%
I don't feel any _____, I won't _______ shame apologize
9%
To the lights of ________ masochists
8%
But ___ ____ ____ not this time!
8%
And I ______ this line walked
8%
No matching quizzes found
Score Distribution
Percent of People with Each Score
Percentile by Number Answered
Your Score History
You have not taken this quiz